Statistiques concernant Personnages de Astérix et Obélix: Mission Cléopâtre

Cliquez ici pour prendre le quiz!

Statistiques générales

  • Ce quiz a été pris 1 077 fois
  • Le résultat moyen est 10 sur 20

Statistiques - réponses

ActeurPersonnage% Correct
Christian ClavierAstérix
99%
Gérard DepardieuObélix
99%
Monica BellucciCléopâtre
98%
Alain ChabatCésar
95%
Jamel DebbouzeNumérobis
87%
Claude RichPanoramix
86%
Gérard DarmonAmonbofis
71%
Edouard BaerOtis
65%
Isabelle NantyItinéris
63%
Jean-Paul RouveCaius Antivirus
38%
Jean BenguiguiMalococsis
31%
Bernard FarcyBarbe-Rouge
30%
Chantal LaubyCartapus
28%
Mouss DioufBaba
26%
DieudonnéCaius Céplus
25%
Noémie LenoirGuimieukis
20%
Zinedine SoualemFeudartifis
15%
Édouard MontouteNexusis
14%
Marina FoïsSucettalanis
11%
Maurice BarthélemyCouloirdebus
8%

Distribution des résultats

Percentile par nombre de réponses

% des personnes avec chaque résultat

Votre développement - résultats

Vous n’avez pas pris ce quiz